000 00339nam a2200133Ia 4500
008 190216s9999||||xx |||||||||||||| ||und||
100 _aLeonid V Azaroff
245 0 _aIntroduction To Solids
250 _a1st Ed.
260 _bTata Mcgraw Hill Publishing Company Ltd
_c1977
300 _a460
650 _aChemistry-Chemistry
942 _cBK
999 _c2316
_d2316